Los hermanos Corazón de León / (Registro nro. 10837)

Detalles MARC
000 -LIDER
fixed length control field 00961nam a22003017a 4500
001 - NÚMERO DE CONTROL
Identificador de número de control 000381
003 - IDENTIFICACDOR DE NÚMERO DE CONTROL
control field DO-SdBNP
005 - DATE AND TIME OF LATEST TRANSACTION
control field 20240325085417.0
007 - CAMPOS FIJOS DE DESCRIPCIÓN FÍSICA
fixed length control field 000381
008 - ELEMENTOS DE LONGITUD FIJA
fixed length control field 160712b2005 sp a | 00| 0 spa d
020 ## - ISBN
International Standard Book Number 8426132723
040 ## - FUENTE DE CATALOGACIÓN
Agencia que crea de manera original el registro BPMSU
Idioma de catalogación spa
Agencia que realiza la transcripción BPMSU
082 #4 - NÚMERO DE CLASIFICACIÓN DECIMAL DE DEWEY
Classification number 839.736
Item number L745h 2005
Edition number 22
100 1# - ASIENTO PRINCIPAL -- NOMBRE PERSONAL
Nombre personal Lindgren, Astrid Ericsson,
Fechas asociadas con el nombre 1907-2002.
245 14 - MENCIÓN DE TITULO
Título Los hermanos Corazón de León /
Mención de responsabilidad Astrid Lindgren ; traducción de Lucio Salas ; ilustraciones de Ilon Wikland.
250 ## - MENCIÓN DE EDICION
Mención de edición 2ª ed.
260 ## - PUBLICACIÓN, DISTRIBUCIÓN, ETC. (PIE DE IMPRENTA)
Lugar de publicación, distribución, etc Barcelona :
Nombre del editor, distribuidor, etc. Editorial Juventud,
Fecha de publicación, distribución, etc 2005.
300 ## - DESCRIPCIÓN FÍSICA
Extensión 227 p. :
Otros detalles físicos il. ;
Dimensiones 22 cm.
490 0# - MENCIÓN DE SERIES
Mención de serie Juventud
534 ## - NOTA SOBRE LA VERSIÓN ORIGINAL
Frase introductoria Título original :
Mención del título original Bröderna Lejonhjärta.
590 ## - NOTA LOCAL
Texto de la nota local Inventariado, 2024/VM
650 #4 - ENCABEZAMIENTO DE MATERIA--TEMÁTICO
Término temático o nombre geográfico como elemento de entrada Cuentos juveniles suecos
650 #4 - ENCABEZAMIENTO DE MATERIA--TEMÁTICO
Término temático o nombre geográfico como elemento de entrada Hermanos
Subdivisión de forma Cuentos juveniles
700 1# - ASIENTO SECUNDARIO -- NOMBRE PERSONAL
Nombre personal Wikland, Ilon,
Mención de responsabilidad il.
Materiales especificados
700 1# - ASIENTO SECUNDARIO -- NOMBRE PERSONAL
Nombre personal Salas, Lucio,
Mención de responsabilidad tr.
910 ## - VALIDACIÓN
Validación VMateo V. Control de calidad. BPMSU
942 ## - ADDED ENTRY ELEMENTS (KOHA)
Source of classification or shelving scheme Dewey Decimal Classification
Koha item type Libros
Existencias
Withdrawn status Lost status Source of classification or shelving scheme Damaged status Not for loan Collection code Home library Current library Date acquired Source of acquisition Total Checkouts Full call number Barcode Date last seen Copy number Price effective from Koha item type
    Dewey Decimal Classification     Colección Juvenil General Biblioteca Pública Metropolitana Salomé Ureña Biblioteca Pública Metropolitana Salomé Ureña 07/12/2016   BPMSU CJG 839.736 L745h 2005 BPMSU16070410 07/12/2016 07/12/2016 Libros
    Dewey Decimal Classification     Colección Juvenil General Biblioteca Pública Metropolitana Salomé Ureña Biblioteca Pública Metropolitana Salomé Ureña 07/12/2016 Donación   BPMSU CJG 839.736 L745h 2005 BPMSU16070411 07/12/2016 e.2 07/12/2016 Libros
    Dewey Decimal Classification     Colección Juvenil General Biblioteca Pública Metropolitana Salomé Ureña Biblioteca Pública Metropolitana Salomé Ureña 07/12/2016 Donación   BPMSU CJG 839.736 L745h 2005 BPMSU24030078 03/25/2024 e.3 07/12/2016 Libros